| 000 | 01857nam a2200457Ii 4500 | ||
|---|---|---|---|
| 001 | DIGVEDIV0395 | ||
| 003 | NyNyDIG | ||
| 008 | 220322s2013 sp ob 000 0 spa d | ||
| 006 | m o d | ||
| 007 | cr ||||||||||| | ||
| 020 |
_a9788499459097 _qeBook _qpdf |
||
| 020 | _z9788481696035 | ||
| 035 | _a(OCoLC)896860529 | ||
| 040 |
_aDGITA _beng _erda _espa _cDGITA |
||
| 041 | 1 |
_aspa _hger |
|
| 050 | 1 | 4 | _aBV4647.F7 ebook |
| 100 | 1 |
_aGrün, Anselm, _eauthor. |
|
| 240 | 1 | 0 |
_aIch wünsch' dir einen Freund. _lSpanish _s(Pérez Escobar) |
| 245 | 1 | 0 |
_aTe deseo un amigo / _cAnselm Grün ; traducción, José Pérez Escobar. |
| 264 | 1 |
_aEstella (Navarra), España : _bEVD, Editorial Verbo Divino, _c2013. |
|
| 300 | _a1 online resource. | ||
| 336 |
_atext _btxt _2rdacontent |
||
| 337 |
_acomputer _bc _2rdamedia |
||
| 338 |
_aonline resource _bcr _2rdacarrier |
||
| 347 |
_atext file _2rdaft |
||
| 347 | _bPDF | ||
| 504 | _aIncludes bibliographical references. | ||
| 588 | 0 | _aOnline resource; title from PDF title page (Digitalia, viewed March 22, 2022). | |
| 650 | 0 |
_aFriendship _xReligious aspects _xChristianity. |
|
| 650 | 0 |
_aInterpersonal relations _xReligious aspects. |
|
| 655 | 0 | _aElectronic books. | |
| 700 | 1 |
_aPérez Escobar, José, _etranslator. |
|
| 700 | 1 |
_iTranslation of: _aGrün, Anselm. _tIch wünsch' dir einen Freund. |
|
| 791 | 2 |
_aDigitalia (Firm), _edistributor. |
|
| 793 | 0 |
_gDigitalia eBook Collection: _aEditorial Verbo Divino. |
|
| 776 | 0 | 8 |
_iPrint version: _aGrün, Anselm. _sIch wünsch' dir einen Freund. Spanish (Pérez Escobar). _tTe deseo un amigo. _dEstella (Navarra), España : EVD, Editorial Verbo Divino, 2013 _z9788481696035 |
| 830 | 0 | _aSurcos (Estella, España) | |
| 856 | 4 | 0 |
_3Digitalia Hispánica _uhttps://www.digitaliapublishing.com/a/51116/ |
| 910 | _aPremium collection: 2022 | ||
| 942 | _cRAA | ||
| 999 |
_c252278 _d252278 |
||